000 00546nam a2200181Ia 4500
005 20250508151721.0
008 008 250505s9999 xx 000 0 eng d
037 _aTextual
040 _aFEDL
_beng
_cFEDL
041 _aeng
_2eng
084 _a371.73, SCO
_qFEDL
245 0 _aPhysical training in one - teacher and other small schools
245 0 _cScottish Education Department
260 _aLondon, UK
_bHis Majesty's Stationery Office
_c1945
300 _a63p
942 _cTEXL
_h371.73, SCO
999 _c1331654
_d1331654